Guide to small scale industries (Record no. 1330)
[ view plain ]
| 000 -LEADER | |
|---|---|
| fixed length control field | 00480cam a2200193ua 4500 |
| 001 - CONTROL NUMBER | |
| control field | 1440 |
| 005 - DATE AND TIME OF LATEST TRANSACTION | |
| control field | 20260515113332.0 |
| 008 - FIXED-LENGTH DATA ELEMENTS--GENERAL INFORMATION | |
| fixed length control field | 111126n ii |||gr||||Z||||||eng |
| 040 ## - CATALOGING SOURCE | |
| Transcribing agency | MAIN |
| 082 ## - DEWEY DECIMAL CLASSIFICATION NUMBER | |
| Classification number | 338.642 |
| 100 ## - MAIN ENTRY--PERSONAL NAME | |
| Personal name | Arshad, |
| Relator term | Author. |
| 245 1# - TITLE STATEMENT | |
| Title | Guide to small scale industries |
| Statement of responsibility, etc. | by Arshad |
| 250 ## - EDITION STATEMENT | |
| Edition statement | 1st. |
| 260 ## - PUBLICATION, DISTRIBUTION, ETC. | |
| Place of publication, distribution, etc. | New Delhi: |
| Name of publisher, distributor, etc. | A kumar publication. |
| 300 ## - PHYSICAL DESCRIPTION | |
| Extent | ii; 255p:9cm. |
| 653 ## - INDEX TERM--UNCONTROLLED | |
| Uncontrolled term | Economics |
| 653 ## - INDEX TERM--UNCONTROLLED | |
| Uncontrolled term | guide to small scale industries |
| 942 ## - ADDED ENTRY ELEMENTS (KOHA) | |
| Koha item type | Books |
| Withdrawn status | Lost status | Damaged status | Not for loan | Home library | Current library | Shelving location | Date acquired | Total checkouts | Full call number | Barcode | Date last seen | Copy number | Price effective from | Koha item type |
|---|---|---|---|---|---|---|---|---|---|---|---|---|---|---|
| Naharkatiya College Library | Naharkatiya College Library | General stacks | 09/19/2020 | 338.642 | ARS | 1843 | 09/19/2020 | 1 | 09/19/2020 | Books |